<?xml version="1.0" encoding="UTF-8"?>
<record
    xmlns:xsi="http://www.w3.org/2001/XMLSchema-instance"
    xsi:schemaLocation="http://www.loc.gov/MARC21/slim http://www.loc.gov/standards/marcxml/schema/MARC21slim.xsd"
    xmlns="http://www.loc.gov/MARC21/slim">

  <leader>00415nam a22001577a 4500</leader>
  <controlfield tag="003">OSt</controlfield>
  <controlfield tag="005">20240905091112.0</controlfield>
  <controlfield tag="007">346pages</controlfield>
  <controlfield tag="008">240905b        |||||||| |||| 00| 0 eng d</controlfield>
  <datafield tag="020" ind1=" " ind2=" ">
    <subfield code="a">9781138654013</subfield>
  </datafield>
  <datafield tag="040" ind1=" " ind2=" ">
    <subfield code="c"> </subfield>
  </datafield>
  <datafield tag="082" ind1=" " ind2=" ">
    <subfield code="a">658.42</subfield>
    <subfield code="b">DRU</subfield>
  </datafield>
  <datafield tag="245" ind1=" " ind2=" ">
    <subfield code="a">Innovation and Entrepreneurship</subfield>
    <subfield code="b">Principles and practice</subfield>
    <subfield code="c">Drucker,Peter F</subfield>
  </datafield>
  <datafield tag="260" ind1=" " ind2=" ">
    <subfield code="b">London and Newyork</subfield>
  </datafield>
  <datafield tag="942" ind1=" " ind2=" ">
    <subfield code="2">ddc</subfield>
    <subfield code="c">BK</subfield>
    <subfield code="k">658.42</subfield>
    <subfield code="m">DRU</subfield>
    <subfield code="n">0</subfield>
  </datafield>
  <datafield tag="999" ind1=" " ind2=" ">
    <subfield code="c">36080</subfield>
    <subfield code="d">36080</subfield>
  </datafield>
  <datafield tag="952" ind1=" " ind2=" ">
    <subfield code="0">0</subfield>
    <subfield code="1">0</subfield>
    <subfield code="2">ddc</subfield>
    <subfield code="4">0</subfield>
    <subfield code="7">0</subfield>
    <subfield code="8">MECHANICAL</subfield>
    <subfield code="a">CRCE</subfield>
    <subfield code="b">CRCE</subfield>
    <subfield code="d">2024-09-05</subfield>
    <subfield code="g">2295.00</subfield>
    <subfield code="i">AO/24/08/394</subfield>
    <subfield code="l">0</subfield>
    <subfield code="o">658.42/DRU</subfield>
    <subfield code="p">26468</subfield>
    <subfield code="r">2024-09-05</subfield>
    <subfield code="w">2024-09-05</subfield>
    <subfield code="y">RB</subfield>
  </datafield>
</record>
